| 000 | 00654nam a2200217 a 4500 | ||
|---|---|---|---|
| 999 |
_c2400 _d2400 |
||
| 001 | 2400 | ||
| 003 | BD-JhCC | ||
| 005 | 20190329134006.0 | ||
| 008 | 171101s2010 bg ||||| |||| 00| 0 ben d | ||
| 020 | _a9847015601768 | ||
| 035 | _a(BD-JhCC)2400 | ||
| 040 |
_aBD-JhCC _dBD-JhCC |
||
| 041 | _aben | ||
| 082 |
_a160 _bEMR 2010 |
||
| 100 | _a মাসউদ, ইমরান | ||
| 245 |
_aক্রিটিক্যাল তত্ত্বচিন্তা / _cইমরান মাসউদ |
||
| 260 |
_aঢাকা : _bমাওলা ব্রাদার্স, _c2010. |
||
| 300 |
_a400 p. : _c21 cm. |
||
| 942 |
_2ddc _cBK _03 |
||